000 00508nam a22001697a 4500
005 20251108164345.0
008 250721s1985 xx 000 0 ara d
082 1 4 _a701.1/إيل
100 1 _aالحاوي، إيليا
245 1 0 _aالفن و الحياة و المسرح :
_bنظريات و نظرات /
264 1 _aبيروت :
_bدار الثقافه،
_c1985.
300 _a438ص
490 0 _aسلسلة الثقافه للجميع
650 1 7 _aالفن
942 _2ddc
_cBK
999 _c10170
_d10170